LEADER 00781nam 2200253 450 001 996659869903316 005 20250606123943.0 100 $a20250606d1989----km y0itay5003 ba 101 0 $aita 102 $aIT 105 $ay 00 y 200 1 $aProcedimenti incompleti di separazione personale e disciplina del rapporto coniugale$fLelio Barbiera 210 $aBari$cCacucci$d1989 215 $a98 p.$d22 cm 606 0 $aSeparazione coniugale$2BNCF 676 $a346.4501668 700 1$aBARBIERA,$bLelio$0437411 801 0$aIT$bcba$gREICAT 912 $a996659869903316 951 $aXVI.7.C. 215$bFBUO$cXVI.7.C. 959 $aBK 969 $aFBUO 996 $aProcedimenti incompleti di separazione personale e disciplina del rapporto coniugale$94387405 997 $aUNISA